00772nam a22001577a 4500008004100000020001800041082001800059100002000077245006000097260004100157300003500198505027700233600003600510650004800546700002000594150612b xxu||||| |||| 00| 0 eng d a9789197779500 a707.4bC 238c aCapelan, Carlos aCarlos CapelancCapelan, Carlos; Ulla and Greger Olsson aSueciabArt Collection, Swedenc2008 a400 p.bill. (col)c29.5x30 cm tThe Illegible Proclamation On the work of CapelanrTicio EscobartImages ItJet-Lag MambotPost-Colonial Liberation Army (rematerialización)tFragments of a Friendship Between CitiesrNicos PapastergiadistLa proclama ilegible Acerca de la obra de CapelanrTicio Escobar aCapelan, Carlosd1948xCatalogo xArte conceptual-catalogosxArtistas-Uruguay aCapelan, Carlos